Improving residential leasehold management (Record no. 69949)

MARC details
000 -LEADER
fixed length control field 01024cam a2200205 4500
001 - CONTROL NUMBER
control field WB3813-23
008 - FIXED-LENGTH DATA ELEMENTS--GENERAL INFORMATION
fixed length control field 020409n2002 000 0 eng u
035 ## - SYSTEM CONTROL NUMBER
System control number (Sirsi) u117419
245 ## - TITLE STATEMENT
Title Improving residential leasehold management
260 ## - PUBLICATION, DISTRIBUTION, ETC.
Date of publication, distribution, etc. 2002
490 ## - SERIES STATEMENT
Series statement DTLR News Release
Volume/sequential designation (2002/0126) 26 March 2002, (2)
520 ## - SUMMARY, ETC.
Summary, etc. The DTLR is seeking to consult on how to overcome widespread concern about variable standards in residential leasehold management. It investigates three methods of control: licensing, a regulatory and voluntary controls. Responses are required by 30 September 2002. The document can be found at http://www.housing.dtlr.gov.uk/information/consult/leasholdmanagem/index.htmhttp://www.press.dtlr.gov.uk/pns/DisplayPN.cgi?pn_id=2002_0126
590 ## - LOCAL NOTE (RLIN)
Local note WB
650 ## - SUBJECT ADDED ENTRY--TOPICAL TERM
Topical term or geographic name entry element RESIDENTIAL MANAGEMENT
650 ## - SUBJECT ADDED ENTRY--TOPICAL TERM
Topical term or geographic name entry element COMMONHOLD AND LEASEHOLD REFORM BILL
650 ## - SUBJECT ADDED ENTRY--TOPICAL TERM
Topical term or geographic name entry element LANDLORD AND TENANT
9 (RLIN) 6252
650 ## - SUBJECT ADDED ENTRY--TOPICAL TERM
Topical term or geographic name entry element LEASEHOLD MANAGEMENT
690 ## - LOCAL SUBJECT ADDED ENTRY--TOPICAL TERM (OCLC, RLIN)
Topical term or geographic name as entry element PROPERTY MANAGEMENT-RESIDENTIAL PROPERTY
942 ## - ADDED ENTRY ELEMENTS (KOHA)
Suppress in OPAC 0
Holdings
Withdrawn status Lost status Source of classification or shelving scheme Damaged status Not for loan Home library Current library Shelving location Date acquired Total Checkouts Barcode Date last seen Copy number Price effective from Koha item type
    Dewey Decimal Classification     London London News article 09/04/2002   117419-1001 06/08/2019 1 06/08/2019 News article